Narrative research: reading, analysis, and interpretation
Zapisane w:
| Główni autorzy: | , , |
|---|---|
| Format: | Książka |
| Język: | angielski |
| Wydane: |
Thousand Oaks
Sage
1998
|
| Seria: | Applied Social Research Methods Series, 47
|
| Hasła przedmiotowe: | |
| Etykiety: |
Dodaj etykietę
Nie ma etykietki, Dołącz pierwszą etykiete!
|
MARC
| LEADER | 00000nam a2200000 a 4500 | ||
|---|---|---|---|
| 001 | UCK2191 | ||
| 003 | CL-VaPUC | ||
| 008 | 041223e19980000US |||||||||||||||||eng|d | ||
| 020 | |a 0761910433 | ||
| 082 | 0 | 4 | |a 401.41 |b LIE |2 21 |
| 100 | 0 | |a Lieblich, Amaia |e author |9 490009 | |
| 700 | 0 | |a Tuval-Mashiach, Rivka |e author |9 490010 | |
| 700 | 0 | |a Zilber, Tamar |e author |9 490011 | |
| 245 | 1 | 0 | |a Narrative research: reading, analysis, and interpretation |
| 300 | |a 187 p | ||
| 942 | |c BK | ||
| 945 | |d 20041223 00:00:00 |a cmena | ||
| 260 | |a Thousand Oaks |b Sage |c 1998 | ||
| 650 | 0 | |a Análisis del discurso |9 256696 | |
| 650 | 0 | |a Investigación lingüística |9 329785 | |
| 650 | 0 | |a Métodos de investigación |9 262618 | |
| 650 | 0 | |a Ciencias sociales |v Investigación |9 307767 | |
| 583 | |a last modification |c 20041223 00:00:00 |k Rodrigo Vera | ||
| 490 | 0 | |a Applied Social Research Methods Series, 47 | |
| 999 | |c 311810 |d 311808 | ||
| 952 | |0 0 |1 0 |4 0 |6 401_410000000000000_LIE_1998 |7 0 |8 A |9 381468 |a FDOPOS |b FDOPOS |d 2019-11-21 |i 4089731 |o 401.41 LIE 1998 |p 4089731 |r 2025-01-22 |w 2019-11-21 |y BK |k MLA | ||